| Tag |
First Indicator |
Second Indicator |
Subfields |
| LEADER |
00000cam a22000001a 4500 |
| 001 |
in00003262467 |
| 006 |
m d f |
| 007 |
cr bn mmmapmmp |
| 008 |
100322s1982 dcu o f000 0 eng d |
| 005 |
20260511211553.8 |
| 035 |
|
|
|a cis2007494540
|
| 040 |
|
|
|a UMI
|c UMI
|d UtOrBLW
|
| 043 |
|
|
|a n-us---
|
| 074 |
|
|
|a 1010-A, 1010-B (microfiche)
|
| 086 |
0 |
|
|a Y 4.Ag 8/1:97-SS
|
| 088 |
|
|
|a Serial No. 97-SS (United States. Congress. House. Committee on Agriculture)
|
| 099 |
|
|
|a HRG-1981-HAG-0041
|
| 110 |
1 |
|
|a United States.
|b Congress.
|b House.
|b Committee on Agriculture.
|b Subcommittee on Domestic Marketing, Consumer Relations, and Nutrition.
|
| 245 |
1 |
0 |
|a Potato Research and Promotion Act :
|b hearing before the Subcommittee on Domestic Marketing, Consumer Relations, and Nutrition of the Committee on Agriculture, House of Representatives, Ninety-seventh Congress, first session, on H.R. 2160 ... September 24, 1981.
|
| 264 |
|
1 |
|a Washington :
|b U.S. G.P.O.,
|c 1982.
|
| 300 |
|
|
|a 1 online resource.
|
| 336 |
|
|
|a text
|b txt
|2 rdacontent
|
| 337 |
|
|
|a computer
|b c
|2 rdamedia
|
| 338 |
|
|
|a online resource
|b cr
|2 rdacarrier
|
| 500 |
|
|
|a Record is based on bibliographic data in ProQuest Congressional Hearings Digital Collection. Reuse except for individual research requires license from ProQuest, LLC.
|
| 538 |
|
|
|a System requirements: PDF reader software.
|
| 500 |
|
|
|a Electronic resource.
|
| 650 |
|
0 |
|a Potatoes
|x Law and legislation
|z United States.
|
| 650 |
|
0 |
|a Potatoes
|z United States
|x Marketing.
|
| 655 |
|
7 |
|a Electronic books.
|2 local
|
| 710 |
2 |
|
|a ProQuest (Firm)
|
| 776 |
0 |
8 |
|i Print version:
|a United States. Congress. House. Committee on Agriculture. Subcommittee on Domestic Marketing, Consumer Relations, and Nutrition.
|t Potato Research and Promotion Act
|w (OCoLC)08406242
|w gp 82017265
|
| 776 |
0 |
8 |
|i Microfiche version:
|a United States. Congress. House. Committee on Agriculture. Subcommittee on Domestic Marketing, Consumer Relations, and Nutrition.
|t Potato Research and Promotion Act.
|d [Bethesda, Md.] : ProQuest,[2004]
|o CIS 82 H161-26
|w (ProQuest)cis08200071
|
| 830 |
|
0 |
|a U.S. Congressional Hearings.
|
| 856 |
4 |
0 |
|u http://proxy.library.tamu.edu/login?url=https://congressional.proquest.com/congcomp/getdoc?HEARING-ID=HRG-1981-HAG-0041
|z Connect to the full text of this electronic book
|t 0
|
| 998 |
|
|
|a cis08200071
|
| 999 |
|
|
|a MARS
|
| 999 |
f |
f |
|s bd96868b-1ef9-3bbb-8991-7277fc4e734a
|i a3449681-29df-3a38-8f46-ee4e9e8b203f
|t 0
|
| 952 |
f |
f |
|a Texas A&M University
|b College Station
|c Electronic Resources
|s www_evans
|d Available Online
|t 0
|e HRG-1981-HAG-0041
|h Other scheme
|
| 998 |
f |
f |
|a HRG-1981-HAG-0041
|t 0
|l Available Online
|